| 000 | 01628nam a2200397 c 4500 | ||
|---|---|---|---|
| 003 | BLK | ||
| 005 | 20231017005214.0 | ||
| 008 | 180409b bul|||||r ||||||| ||bul|| | ||
| 010 | _aKNG00139085000 | ||
| 020 |
_a954-8010-27-5 _bиздат.: ГАЛ-ИКО |
||
| 040 | _aBLK | ||
| 041 |
_aBUL _cBUL |
||
| 080 |
_aПлатонизъм. Неоплатонизъм _b141.131 _x _z141.131 |
||
| 080 |
_aЛюбов. Дружба. Привързаност. Флирт _b177.6 _x _z177.6 |
||
| 100 | 1 |
_aФичино, Марсилио _eпърви автор _9134302 |
|
| 139 |
_aФичино, Марсилио _bФ 58 |
||
| 245 | 1 | 0 |
_aКоментар върху Платоновия Пир за любовта _cМарсилио Фичино; прев. от лат. Цочо Христов Бояджиев. |
| 257 | _aITA | ||
| 260 |
_аСофия _bГАЛ-ИКО _c1993 |
||
| 300 |
_a175 с. _c20 см |
||
| 380 | _a1 | ||
| 490 | 1 | _aФилософски ерос | |
| 500 | _aОриг. загл. Commentarium Marsilii Ficini Florentini in Convivium Platonis, de amore / Marsilii Ficini. | ||
| 650 | 4 |
_aПлатонизъм _9166494 |
|
| 650 | 4 |
_aЛюбов _9160853 |
|
| 653 | _aплатонизъм | ||
| 653 | _aлюбов | ||
| 653 | _aфилософия | ||
| 700 |
_aБояджиев, Цочо Христов _d1951- _eпрев. от лат. _9390210 |
||
| 852 | _aЦб 178985 | ||
| 856 | 4 |
_qpdf _u |
|
| 856 | 4 |
_qpdf _u |
|
| 942 |
_cKNG _n0 |
||
| 944 |
_aCR _c06.02.2013 _lCRON CRON _k |
||
| 944 |
_aED _c06.02.2013 _l06.02.2013 - от С1,Р / 06.02.2013 _k |
||
| 999 |
_c133195 _d133195 |
||